Návrh, vyvinutie a implementácia aplikácie pre platformu Android diplomová práca

Uložené v:
Podrobná bibliografia
Hlavný autor: Gerboc, Adrián
Korporativný autor: Fakulta hospodárskej informatiky EU. Katedra aplikovanej informatiky
Ďalší autori: Szivósová, Mária, 1958-
Médium: Kniha
Jazyk:Slovak
Vydavateľské údaje: Bratislava 2024
Tagy: Pridať tag
Žiadne tagy, Buďte prvý, kto otaguje tento záznam!

MARC

LEADER 00000nbm a2200000 4500
001 0301186
005 20250127101644.3
041 0 |a slo 
044 |a SK 
245 1 0 |a Návrh, vyvinutie a implementácia aplikácie pre platformu Android  |b diplomová práca  |c Adrián Gerboc ; školiteľ: Mária Szivósová 
264 1 |a Bratislava  |c 2024 
300 |a 66 s. 
100 1 |a Gerboc, Adrián 
700 1 |a Szivósová, Mária, 1958- 
710 2 |a Fakulta hospodárskej informatiky EU. Katedra aplikovanej informatiky